Catálogo

ADMINISTRACION OF THE SCHOOL BUILDING PROGRAM (Registro nro. 15888)

Detalles MARC
000 -LEADER
fixed length control field 00463nam a2200169 a 4500
001 - CONTROL NUMBER
control field 15888
005 - DATE AND TIME OF LATEST TRANSACTION
control field 20180713204654.0
008 - FIXED-LENGTH DATA ELEMENTS--GENERAL INFORMATION
fixed length control field 140415s1959 000 0 spa d
041 ## - LANGUAGE CODE
Language code of text/sound track or separate title spa
082 ## - DEWEY DECIMAL CLASSIFICATION NUMBER
Classification number 371.6
Item number STR
100 1# - MAIN ENTRY--PERSONAL NAME
Personal name STREVELL, WALLACE H,
245 10 - TITLE STATEMENT
Title ADMINISTRACION OF THE SCHOOL BUILDING PROGRAM
260 ## - PUBLICATION, DISTRIBUTION, ETC.
Place of publication, distribution, etc. [s.l.] :
Name of publisher, distributor, etc. MCGRAW-HILL,
Date of publication, distribution, etc. 1959
300 ## - PHYSICAL DESCRIPTION
Extent 443
650 14 - SUBJECT ADDED ENTRY--TOPICAL TERM
Topical term or geographic name entry element ESCUELAS
General subdivision EDIFICIOS
700 1# - ADDED ENTRY--PERSONAL NAME
Personal name BURKE, ARVID J.
Relator term coaut.
Existencias
Withdrawn status Lost status Source of classification or shelving scheme Damaged status Not for loan Collection code Home library Current library Shelving location Date acquired Source of acquisition Inventory number Total Checkouts Full call number Barcode Date last seen Price effective from Koha item type
    Dewey Decimal Classification     General Biblioteca Karol Wojtyla Biblioteca Karol Wojtyla Sala general 03/12/2013 Compra 151000000000000000041442   371.6 STR 33570 05/01/2026 03/12/2013 Libro